000 00548nam a2200205Ia 4500
001 22414
003 GE_BSU
008 181216s||||||||xx |||||||||||||| ||und||
040 _cGE_BSU
245 _aАгрохимия №1 Январь 2018
245 _cГл. ред. В.Н. Кудеяров
260 _aМосква
260 _bНаука
260 _c2018
300 _a96 стр. 29см.
653 _aАгрохимия №1 Январь 2018
653 _aПериодика
653 _aპერიოდიკა
942 _cCR
999 _c55336
_d55336